000 00656nam a2200205 4500
001 108683
003 ES-MaACL
007 t|
008 061121s1975 sp r ||||1| spa d
100 1 _aMontagu, Ashley.
_982320
245 1 3 _aLa dirección del desarrollo humano /
_cAshley Montagu; traducción de María Dolores López Martínez.
250 _a2ª. ed. reimp.
260 _aMadrid :
_bTecnos,
_c1975.
300 _a356 p. ;
_c24 cm.
490 1 _aEstructura y función ;
_v2
700 1 _aLópez Martínez, María Dolores.
_973760
830 0 _aEstructura y función ;
_v2
_9181428
852 _aES-MaACL
_jE-8327
_bR.92442
999 _c108683
_d108683